|
|
|
|
| LEADER |
00000nam a22000003a 4500 |
| 001 |
stu153007 |
| 005 |
20221212133752.3 |
| 008 |
071203s2007----xo------------------slo-d |
| 020 |
|
|
|a 978-80-89118-09-0
|
| 040 |
|
|
|a STU
|b slo
|
| 041 |
0 |
|
|a slo
|
| 044 |
|
|
|a xo
|
| 080 |
|
|
|a 174
|
| 080 |
|
|
|a 330.526.33
|7 stu_us_auth*stu8988
|
| 100 |
1 |
|
|a Černá, Ľubica,
|d 1967-
|4 aut
|u M4000
|9 100
|U MTF Materiálovotechnologická fakulta
|T MTF Ústav priemyselného inžinierstva a manažmentu
|X 2813
|U M4000
|Y 84
|7 A000002813
|
| 245 |
1 |
|
|a Etika a zodpovednosť v podnikateľskej praxi :
|b Metódy a nástroje podnikateľskej etiky
|
| 250 |
|
|
|a 1. vyd
|
| 260 |
|
|
|a Trnava :
|b Bprint,
|c 2007
|
| 300 |
|
|
|a 67 s
|
| 650 |
|
7 |
|a etika podnikateľská
|2 stusub
|
| 650 |
|
7 |
|a metódy
|2 stusub
|
| 650 |
|
7 |
|a nástroje
|2 stusub
|
| 856 |
4 |
|
|a https://sweb.mtf.stuba.sk/obsahy/etika_a_zodpovednost_v_podnikatelskej_praxi_07.pdf
|u https://sweb.mtf.stuba.sk/obsahy/etika_a_zodpovednost_v_podnikatelskej_praxi_07.pdf
|3 OBSAH
|
| 996 |
|
|
|b 284M067103
|c M*B-465
|l MMST
|s A
|a 24
|w stu153007_0001
|